[Event "Berlin Lichtenrade op 13th"]
[Site "Berlin"]
[Date "2017.10.28"]
[Round "1"]
[White "Malek, Daniel"]
[Black "Tham, Nam"]
[Result "1-0"]
[WhiteElo "2405"]
[BlackElo "1683"]
[PlyCount "59"]
[EventDate "2017.10.28"]
[EventType "swiss"]
[EventRounds "9"]
[EventCountry "GER"]
[SourceTitle "CBM 181 Extra"]
[Source "ChessBase"]
[SourceDate "2017.12.12"]
[SourceVersion "1"]
[SourceVersionDate "2017.12.12"]
[SourceQuality "1"]

1. d4 d5 2. c4 e6 3. Nc3 c6 4. e4 dxe4 5. Nxe4 Bb4+ 6. Nc3 c5 7. a3 Bxc3+ 8. bxc3 Nf6 9. Nf3 Nc6 10. Bb2 0-0 11. Bd3 Qa5 12. 0-0 Rd8 13. Qc2 b6 14. Rad1 Bb7 15. d5 exd5 16. cxd5 c4 17. Bxc4 Nxd5 18. Ng5 g6 19. Ne4 Nce7 20. Bxd5 Nxd5 21. c4 Rac8 22. Qd3 Ba6 23. Qd4 Kf8 24. cxd5 Bxf1 25. d6 Ke8 26. d7+ Kf8 27. dxc8R Rxc8 28. Qh8+ Ke7 29. Bf6+ Ke6 30. Qxc8# 1-0